| 000 | 00604nam a22001577a 4500 | ||
|---|---|---|---|
| 999 |
_c61063 _d61063 |
||
| 005 | 20231213112543.0 | ||
| 008 | 231213s1989 ru ||||| |||| 00| 0 rus d | ||
| 041 | _arus | ||
| 080 | _a159.964.2 Ф-86 | ||
| 100 |
_aФрейд, Зигмунд _920688 |
||
| 245 |
_aПсихология бессознательного: _bСборник произведении / _cЗигмунд Фрейд. |
||
| 264 |
_aМосква : _b Просвещение, _c1989. |
||
| 300 |
_a448 с. ; _b22 см. |
||
| 653 | _aარაცნობიერის ფსიქოლოგია | ||
| 942 |
_2udc _cᲬᲘᲒᲜᲘ |
||